000 00683nam a2200217 a 4500
005 20140310183223.0
008 030925s19uu xx 00 eng d
020 _a0335201903
050 _aLB 1028
_b.M262 2003
100 _aMcLure, Maggie
245 _aDiscourse in educational and social research /
_cMaggie MacLure.
260 _aBuckingham :
_bOpen University Press,
_c2003.
300 _axi, 231 p. :
_c23 cm.
440 _aConducting educational research
500 _aIncludes bibliographical references
521 _aEDU
650 _aEducation
_xResearch
_xMethodology
650 _aSocial sciences
_xresearch
_xmethodology
942 _cBK
_2lcc
_kFOR
999 _c20345
_d20345